Miasto czy Wieś - Statystyki

Ogólne statystyki
  • Ten quiz został rozwiązany 453 razy
  • Średni wynik to 13 z 15
Statystyki odpowiedzi
Zagadnienie Odpowiedź % Poprawnych
Posiada burmistrza lub prezydenta Miasto
98%
Więcej osób pracuje tam w rolnictwie Wieś
98%
Posiada dzielnice Miasto
97%
Posiada lepszy dostęp do komunikacji autobusowej Miasto
97%
Jest więcej osób pracujących w usługach Miasto
95%
Nieruchomości są na ogół droższe Miasto
94%
Posiadają zazwyczaj mniejszą gęstość zaludnienia Wieś
94%
Posiada wójta Wieś
92%
Spada ich ilość Wieś
85%
Rośnie ich ilość Miasto
84%
Musi mieć mniej niż 20 tyś mieszkańców Wieś
84%
Jest ich więcej Wieś
82%
Mieszka tam większy procent Polaków Miasto
79%
Jest bardziej zróżnicowane kulturowo Miasto
78%
Jastrzębia Góra to Wieś
35%
Nie znaleziono quizów pasujących do podanych kryteriów
Rozkład punktacji
Procent ludzi z każdym wynikiem
Percentyl według liczby udzielonych odpowiedzi
Twoja historia wyników
Nie rozwiązałeś tego quizu